Introduction to hire-purchase law / (Record no. 604)

MARC details
000 -LEADER
fixed length control field 00939cam a2200313 i 4500
001 - CONTROL NUMBER
control field 1749345
003 - CONTROL NUMBER IDENTIFIER
control field OSt
005 - DATE AND TIME OF LATEST TRANSACTION
control field 20150703165059.0
008 - FIXED-LENGTH DATA ELEMENTS--GENERAL INFORMATION
fixed length control field 750821s1971 enk b 001 0 eng
010 ## - LIBRARY OF CONGRESS CONTROL NUMBER
LC control number 75322079
015 ## - NATIONAL BIBLIOGRAPHY NUMBER
National bibliography number GB72-10723
020 ## - INTERNATIONAL STANDARD BOOK NUMBER
International Standard Book Number 0406574014 :
Terms of availability £1.20
040 ## - CATALOGING SOURCE
Original cataloging agency DLC
Transcribing agency DLC
Modifying agency DLC
043 ## - GEOGRAPHIC AREA CODE
Geographic area code e-uk---
050 00 - LIBRARY OF CONGRESS CALL NUMBER
Classification number KD1759
Item number .D5 1971
082 00 - DEWEY DECIMAL CLASSIFICATION NUMBER
Classification number 346.07 DIA
100 1# - MAIN ENTRY--PERSONAL NAME
Personal name Diamond, Aubrey L.
9 (RLIN) 1746
245 10 - TITLE STATEMENT
Title Introduction to hire-purchase law /
Statement of responsibility, etc by Aubrey L. Diamond.
250 ## - EDITION STATEMENT
Edition statement 2nd ed.
260 ## - PUBLICATION, DISTRIBUTION, ETC. (IMPRINT)
Place of publication, distribution, etc London :
Name of publisher, distributor, etc Butterworths,
Date of publication, distribution, etc 1971.
300 ## - PHYSICAL DESCRIPTION
Extent xxv, 169 p. ;
Dimensions 22 cm.
500 ## - GENERAL NOTE
General note Spine title: Diamond's hire-purchase law.
504 ## - BIBLIOGRAPHY, ETC. NOTE
Bibliography, etc Includes bibliographical references and index.
650 #0 - SUBJECT ADDED ENTRY--TOPICAL TERM
Topical term or geographic name as entry element Conditional sales
Geographic subdivision Great Britain.
9 (RLIN) 1747
740 ## - ADDED ENTRY--UNCONTROLLED RELATED/ANALYTICAL TITLE
Uncontrolled related/analytical title Diamond's hire-purchase law.
740 ## - ADDED ENTRY--UNCONTROLLED RELATED/ANALYTICAL TITLE
Uncontrolled related/analytical title Hire-purchase law.
906 ## - LOCAL DATA ELEMENT F, LDF (RLIN)
a 7
b cbc
c orignew
d 3
e ncip
f 19
g y-gencatlg
942 ## - ADDED ENTRY ELEMENTS (KOHA)
Source of classification or shelving scheme Dewey Decimal Classification
Koha item type Books
Holdings
Withdrawn status Lost status Source of classification or shelving scheme Damaged status Not for loan Home library Current library Shelving location Date acquired Total Checkouts Full call number Barcode Date last seen Price effective from Koha item type
    Dewey Decimal Classification     Law Development Centre Main Library Law Development Centre Main Library Text Books and Laws 04/26/2011   346.07 DIA 2011/2428 04/26/2011 04/26/2011 Books